| Tag |
First Indicator |
Second Indicator |
Subfields |
| LEADER |
00000cam a2200000 i 4500 |
| 001 |
in00000063858 |
| 005 |
20151008050659.0 |
| 008 |
791107s1973 mau b 00010 eng d |
| 035 |
|
|
|a (OCoLC)05660894
|
| 035 |
|
|
|9 AAG2578AM
|
| 040 |
|
|
|a IWA
|c IWA
|d TXA
|d UtOrBLW
|
| 049 |
|
|
|a TXAM
|c [930826]
|
| 090 |
|
|
|a HF5429
|b .S69 1973
|
| 100 |
1 |
|
|a Star, Steven H.
|
| 245 |
1 |
0 |
|a Obtaining retailer support for marketing programs /
|c by Steven H. Star.
|
| 264 |
|
1 |
|a Cambridge, Mass. :
|b Marketing Science Institute,
|c 1973.
|
| 300 |
|
|
|a 42 pages ;
|c 28 cm.
|
| 336 |
|
|
|a text
|b txt
|2 rdacontent
|
| 337 |
|
|
|a unmediated
|b n
|2 rdamedia
|
| 338 |
|
|
|a volume
|b nc
|2 rdacarrier
|
| 500 |
|
|
|a On cover: Marketing Science Institute, Research Program; Project description.
|
| 500 |
|
|
|a "P-82."
|
| 504 |
|
|
|a Includes bibliographical references.
|
| 650 |
|
0 |
|a Retail trade.
|
| 650 |
|
0 |
|a Marketing.
|
| 710 |
2 |
|
|a Marketing Science Institute.
|
| 999 |
|
|
|a MARS
|
| 999 |
f |
f |
|s 3ee8592f-40ad-30d9-8e52-5ebe04c1b5e3
|i 47125ce9-c40c-3406-bb40-268835083168
|t 0
|
| 952 |
f |
f |
|p ric
|a Texas A&M University
|b Rellis Campus
|c Joint Library Facility
|d Remote Storage
|t 0
|e HF5429 .S69 1973
|h Library of Congress classification
|i unmediated -- volume
|m A14802797634
|
| 998 |
f |
f |
|a HF5429 .S69 1973
|t 0
|l Remote Storage
|